[Event "Mukachevo Rating 41st"]
[Site "Mukachevo"]
[Date "2019.10.06"]
[Round "9"]
[White "Petrovskiy, Vadim1111"]
[Black "Ganze, Laszlo"]
[Result "1-0"]
[WhiteElo "2197"]
[BlackElo "1942"]
[PlyCount "51"]
[EventDate "2019.10.01"]
[EventType "tourn"]
[EventRounds "9"]
[EventCountry "UKR"]
[SourceTitle "EXT 2020"]
[Source "ChessBase"]
[SourceDate "2019.10.17"]
[SourceVersion "1"]
[SourceVersionDate "2019.10.17"]
[SourceQuality "1"]

1. e4 c5 2. Nf3 d6 3. d4 cxd4 4. Nxd4 Nf6 5. Nc3 a6 6. Bg5 e6 7. f4 Qb6 8. Qd2 Qxb2 9. Rb1 Qa3 10. f5 b5 11. Rb3 Qa5 12. fxe6 fxe6 13. Bd3 Be7 14. 0-0 0-0 15. Nd5 Qd8 16. Nxe7+ Qxe7 17. Qb4 e5 18. Bxf6 Rxf6 19. Rxf6 Qxf6 20. Bc4+ Kh8 21. Rf3 Qe7 22. Rf7 Qd8 23. Bd5 a5 24. Qd2 Ra6 25. Qg5 Qg8 26. Rxg7 1-0

[Event "Mukachevo Rating 41st"]
[Site "Mukachevo"]
[Date "2019.10.03"]
[Round "4"]
[White "Ganze, Laszlo"]
[Black "Tiba, Vladyslav"]
[Result "0-1"]
[WhiteElo "1942"]
[BlackElo "2360"]
[PlyCount "77"]
[EventDate "2019.10.01"]
[EventType "tourn"]
[EventRounds "9"]
[EventCountry "UKR"]
[SourceTitle "EXT 2020"]
[Source "ChessBase"]
[SourceDate "2019.10.17"]
[SourceVersion "1"]
[SourceVersionDate "2019.10.17"]
[SourceQuality "1"]

1. e4 c5 2. Nf3 e6 3. d4 cxd4 4. Nxd4 a6 5. Bd3 Bc5 6. Nb3 Be7 7. 0-0 d6 8. c4 Nf6 9. Nc3 b6 10. f4 Nbd7 11. Qe2 Bb7 12. Be3 Rb8 13. Rad1 Qc7 14. Bf2 0-0 15. Bg3 e5 16. Nd5 Bxd5 17. exd5 b5 18. fxe5 dxe5 19. cxb5 axb5 20. Kh1 b4 21. d6 Bxd6 22. Bb1 Rbd8 23. Qd3 Be7 24. Qf5 g6 25. Qh3 Nh5 26. Bf2 f5 27. Rde1 Nf4 28. Qf3 e4 29. Qe3 Nd5 30. Qh6 Bf6 31. Bg3 Qb6 32. Bf2 Qe6 33. Nd4 Qf7 34. Rd1 Ne5 35. h3 Qe7 36. Qd2 e3 37. Bxe3 Nc4 38. Qe2 Ndxe3 39. Rxf5 0-1

[Event "Mukachevo Rating 41st"]
[Site "Mukachevo"]
[Date "2019.10.01"]
[Round "1"]
[White "Ganze, Laszlo"]
[Black "Sernecki, Franciszek"]
[Result "1/2-1/2"]
[WhiteElo "1942"]
[BlackElo "2276"]
[PlyCount "85"]
[EventDate "2019.10.01"]
[EventType "tourn"]
[EventRounds "9"]
[EventCountry "UKR"]
[SourceTitle "EXT 2020"]
[Source "ChessBase"]
[SourceDate "2019.10.17"]
[SourceVersion "1"]
[SourceVersionDate "2019.10.17"]
[SourceQuality "1"]

1. d4 Nf6 2. Nf3 e6 3. c4 d5 4. cxd5 exd5 5. Bg5 Nbd7 6. Nc3 c6 7. e3 Qa5 8. Nd2 Bb4 9. Qc2 0-0 10. Bd3 Ne4 11. Bxe4 dxe4 12. Bh4 f5 13. 0-0 Bxc3 14. bxc3 b6 15. Qb3+ Qd5 16. c4 Qe6 17. Qa3 Bb7 18. Rac1 c5 19. d5 Qf7 20. Qb2 Rfe8 21. Bg3 Rac8 22. f3 Nf6 23. Be5 exf3 24. gxf3 Nd7 25. f4 a6 26. a4 b5 27. axb5 axb5 28. Nf3 bxc4 29. Ng5 Qxd5 30. e4 Qc6 31. Qe2 Nxe5 32. fxe5 Ba6 33. Rxf5 h6 34. Nf7 Qg6+ 35. Kh1 Re6 36. Rg1 Qh7 37. Qh5 Bb7 38. Nd6 Rxd6 39. Qf7+ Kh8 40. Qxb7 Rdd8 41. Rf7 Rb8 42. Qc6 Rb6 43. Qd5 1/2-1/2

[Event "Mukachevo Rating 40th"]
[Site "Mukachevo"]
[Date "2019.08.16"]
[Round "7"]
[White "Ramlow, Marcus"]
[Black "Ganze, Laszlo"]
[Result "0-1"]
[WhiteElo "2071"]
[BlackElo "1961"]
[PlyCount "96"]
[EventDate "2019.08.12"]
[EventType "tourn"]
[EventRounds "9"]
[EventCountry "UKR"]
[SourceTitle "CBM 191 Extra"]
[Source "ChessBase"]
[SourceDate "2019.09.30"]
[SourceVersion "1"]
[SourceVersionDate "2019.09.30"]
[SourceQuality "1"]

1. e4 c5 2. d4 cxd4 3. c3 dxc3 4. Nxc3 Nc6 5. Nf3 g6 6. Bc4 Bg7 7. e5 Qa5 8. Qd5 Qxd5 9. Nxd5 Kd8 10. Bf4 e6 11. Nc3 a6 12. 0-0 h6 13. h4 b5 14. Bd3 Bb7 15. Be4 Nge7 16. Rfd1 f5 17. exf6 Bxf6 18. Rac1 d5 19. Bb1 Ke8 20. Re1 Kf7 21. Re2 Rae8 22. g4 h5 23. g5 Bg7 24. Rce1 Bc8 25. a3 Rhf8 26. Bd6 Kg8 27. Kg2 Kh7 28. Na2 Rxf3 29. Kxf3 Nd4+ 30. Kg2 Nxe2 31. Rxe2 d4 32. Be4 Nf5 33. Bxf5 gxf5 34. f4 Bb7+ 35. Kf2 Be4 36. Be5 Rc8 37. Bxg7 Kxg7 38. Rd2 a5 39. Ke1 Bb1 40. b4 a4 41. Kd1 Bxa2 42. Rxa2 Rc3 43. Rc2 Rxa3 44. Rc7+ Kg6 45. Rb7 Rf3 46. Rxb5 Rxf4 47. Ra5 Rxh4 48. b5 d3 0-1

[Event "Mukachevo Rating 40th"]
[Site "Mukachevo"]
[Date "2019.08.15"]
[Round "6"]
[White "Ganze, Laszlo"]
[Black "Rytenko, Vsevolod"]
[Result "0-1"]
[WhiteElo "1961"]
[BlackElo "2310"]
[PlyCount "54"]
[EventDate "2019.08.12"]
[EventType "tourn"]
[EventRounds "9"]
[EventCountry "UKR"]
[SourceTitle "CBM 191 Extra"]
[Source "ChessBase"]
[SourceDate "2019.09.30"]
[SourceVersion "1"]
[SourceVersionDate "2019.09.30"]
[SourceQuality "1"]

1. d4 g6 2. e4 Bg7 3. Bc4 c6 4. Nc3 d5 5. exd5 b5 6. Be2 b4 7. Na4 cxd5 8. Nf3 Nf6 9. 0-0 0-0 10. Ne5 Nfd7 11. f4 Qa5 12. c3 bxc3 13. bxc3 Nxe5 14. fxe5 Bd7 15. Nc5 Qxc3 16. Bg5 Bxe5 17. dxe5 Qxc5+ 18. Kh1 Nc6 19. Rc1 Qd4 20. Qe1 Qxe5 21. Bf4 Qb2 22. Bh6 Rfb8 23. Bf3 e6 24. Qh4 Rb4 25. Qh3 f5 26. Qg3 Qe5 27. Bf4 Qxf4 0-1

[Event "Mukachevo Rating 34th"]
[Site "Mukachevo"]
[Date "2017.05.19"]
[Round "6"]
[White "Burnett, Andrew"]
[Black "Ganze, Laszlo"]
[Result "1-0"]
[WhiteElo "2183"]
[BlackElo "2005"]
[PlyCount "71"]
[EventDate "2017.05.16"]
[EventType "tourn"]
[EventRounds "9"]
[EventCountry "UKR"]
[SourceTitle "CBM 178 Extra"]
[Source "ChessBase"]
[SourceDate "2017.06.22"]
[SourceVersion "1"]
[SourceVersionDate "2017.06.22"]
[SourceQuality "1"]

1. d4 Nf6 2. c4 c5 3. Nf3 e6 4. Nc3 a6 5. g3 cxd4 6. Nxd4 Qc7 7. Bg2 Qxc4 8. 0-0 Nc6 9. Nb3 d5 10. Bf4 Qb4 11. Rc1 Bd7 12. a3 Qb6 13. e4 dxe4 14. Nxe4 Nxe4 15. Bxe4 Be7 16. Qd3 h6 17. Rfd1 Rd8 18. g4 e5 19. Be3 Qb5 20. Qxb5 axb5 21. f3 0-0 22. Bb6 Be6 23. Bxd8 Bxd8 24. Nc5 Bb6 25. Kg2 Nd4 26. Nxe6 Nxe6 27. Bxb7 Nf4+ 28. Kf1 Bd4 29. b3 Bb2 30. Rb1 Bc3 31. a4 Rb8 32. Bc6 b4 33. a5 Rc8 34. Be4 Bd4 35. a6 f5 36. gxf5 1-0

[Event "Mukachevo Rating 33rd"]
[Site "Mukachevo"]
[Date "2017.03.23"]
[Round "7"]
[White "Skliarov, Viktor"]
[Black "Ganze, Laszlo"]
[Result "1-0"]
[WhiteElo "2379"]
[BlackElo "2020"]
[PlyCount "41"]
[EventDate "2017.03.19"]
[EventType "tourn"]
[EventRounds "9"]
[EventCountry "UKR"]
[EventCategory "2"]
[SourceTitle "CBM 177 Extra"]
[Source "ChessBase"]
[SourceDate "2017.04.27"]
[SourceVersion "1"]
[SourceVersionDate "2017.04.27"]
[SourceQuality "1"]

1. e4 c5 2. Nf3 d6 3. d4 cxd4 4. Qxd4 Nc6 5. Bb5 Bd7 6. Bxc6 bxc6 7. c4 c5 8. Qd3 e5 9. Nc3 Be7 10. 0-0 Nf6 11. Bg5 0-0 12. Bxf6 gxf6 13. Nd5 Be6 14. Rfd1 Bxd5 15. Qxd5 Qb6 16. b3 Rfd8 17. Nh4 Bf8 18. Nf5 Rac8 19. Rd3 Rc7 20. Rh3 Qc6 21. Qd1 1-0

[Event "Mukachevo Rating 33rd"]
[Site "Mukachevo"]
[Date "2017.03.20"]
[Round "3"]
[White "Ganze, Laszlo"]
[Black "Shkuran, Danylo"]
[Result "0-1"]
[WhiteElo "2020"]
[BlackElo "2452"]
[PlyCount "52"]
[EventDate "2017.03.19"]
[EventType "tourn"]
[EventRounds "9"]
[EventCountry "UKR"]
[EventCategory "2"]
[SourceTitle "CBM 177 Extra"]
[Source "ChessBase"]
[SourceDate "2017.04.27"]
[SourceVersion "1"]
[SourceVersionDate "2017.04.27"]
[SourceQuality "1"]

1. d4 Nf6 2. c4 g6 3. Nc3 Bg7 4. e4 d6 5. Be2 0-0 6. Nf3 Nbd7 7. 0-0 e5 8. h3 exd4 9. Nxd4 Re8 10. f3 Nh5 11. Kh2 Qh4 12. f4 Ng3 13. Rf3 Nxe4 14. g3 Qd8 15. Nxe4 Rxe4 16. Nb5 Qe7 17. Rf2 Nb6 18. Bd3 Re1 19. Qf3 Bd7 20. Re2 Rxe2+ 21. Qxe2 Qxe2+ 22. Bxe2 Re8 23. Bf3 Nxc4 24. Nxc7 Re1 25. Bxb7 Nxb2 26. Bxb2 Re2+ 0-1